Normal view
MARC view
- BIOMEDICAL ENGINEERING ASPECTS OF EXPERIMENTAL MECHANICS MATERIALS BEHAVIOUR TESTING MICROELECTRONICS STRENGTH OF JOINTS METAL FORMING FRACTURE MECHANICS CREEP COMPOSITIES
Entry Topical Term
001 - CONTROL NUMBER
- control field: 76619
003 - CONTROL NUMBER IDENTIFIER
- control field: NUST
005 - DATE AND TIME OF LATEST TRANSACTION
- control field: 20210628205658.0
008 - FIXED-LENGTH DATA ELEMENTS
- fixed length control field: 210628|| aca||aabn | a|a d
040 ## - CATALOGING SOURCE
- Original cataloging agency: NUST
- Transcribing agency: NUST
150 ## - HEADING--TOPICAL TERM
- Topical term or geographic name entry element: BIOMEDICAL ENGINEERING ASPECTS OF EXPERIMENTAL MECHANICS MATERIALS BEHAVIOUR TESTING MICROELECTRONICS STRENGTH OF JOINTS METAL FORMING FRACTURE MECHANICS CREEP COMPOSITIES
670 ## - SOURCE DATA FOUND
- Source citation: Work cat.: (NUST): Allison, I.M 76618, Experimetal mechanics advances in design testing and analysis, 1998
